000 01058nam a2200229Ia 4500
003 Ost
005 20260507075202.0
008 260507s9999||||xx |||||||||||||| ||und||
040 _cfsecg
041 _aara
082 _a330
100 _aالمسعودي، حيدر علي
_eمؤلف
245 0 _aإدارة تكاليف الجودة استراتيجيا /
_c حيدر علي المسعودي
260 _aعمان:
_bدار اليازوري,
_c2010
300 _a352 صفحة؛
_bإيضاحات ؛
_c24 سم
504 _aمراجع ص.329 ؛ ملاحق ص.339
520 _aتعريف الجودة و التكاليف المتعلقة بها و البعد الاستراتيجي لها ، مفهوم إدارة التكلفة الاستراتيجية و تقنياتها ، بحث إمكانية تطبيق تقنيات إدارة الكلفة الاستراتيجية لادارة تكاليف الجودة .
653 _aادارة الانتاج
653 _aجودة الانتاج
653 _aضبط الجودة
942 _cكتاب
999 _c43409
_d43409